Convivencia y utopía: el gobierno indio y español de la ciudad de Mechuacan, 1521-1580

Zapisane w:
Opis bibliograficzny
1. autor: Martínez Baracs, Rodrigo (autor)
Format: Książka
Język:hiszpański
Wydane: Ciudad de México Fondo de Cultura Económica 2005
Wydanie:1a. ed
Seria:Obras de Historia
Hasła przedmiotowe:
Etykiety: Dodaj etykietę
Nie ma etykietki, Dołącz pierwszą etykiete!

MARC

LEADER 00000cam a2200000 a 4500
001 UCD4697
003 CL-VaPUC
008 160717e20050000mx |||||||||||||||||spa|d
020 |a 968167538X 
082 0 4 |a 972.02  |b MAR  |2 21 
100 |a Martínez Baracs, Rodrigo  |e autor  |9 588416 
245 1 0 |a Convivencia y utopía: el gobierno indio y español de la ciudad de Mechuacan, 1521-1580 
250 |a 1a. ed 
300 |a 471 p 
942 |c BK 
945 |d 20160717 19:54:00  |a dcastane 
260 |a Ciudad de México  |b Fondo de Cultura Económica  |c 2005 
650 0 |a Historia de México  |9 321806 
650 7 |a HISTORIA SIGLO 16  |2 CL-VaPUC  |9 266637 
583 |a last modification  |c 20160717 19:54:00  |k Rodrigo Vera 
490 0 |a Obras de Historia 
999 |c 365550  |d 365548 
952 |0 0  |1 0  |3 erb  |4 0  |6 972_020000000000000_MAR_2005  |7 0  |8 A  |9 479433  |a FDOHBE  |b FDOHBE  |e Huesbe Llanos, Marco Antonio, 1934-  |i 5330262  |o 972.02 MAR 2005  |p 5330262  |r 2024-01-30  |w 2019-11-24  |y BK  |z Catalogado en:20160717  |k HBE